[Event "Caldaro op 4th"]
[Site "Caldaro"]
[Date "2019.10.19"]
[Round "2"]
[White "Paltrinieri, Nicholas"]
[Black "Tonina, Filippo"]
[Result "1-0"]
[WhiteElo "2323"]
[BlackElo "2031"]
[PlyCount "121"]
[EventDate "2019.10.18"]
[EventType "swiss"]
[EventRounds "5"]
[EventCountry "ITA"]
[SourceTitle "CBM 192 Extra"]
[Source "Chessbase"]
[SourceDate "2019.11.06"]
[SourceVersion "1"]
[SourceVersionDate "2019.11.06"]
[SourceQuality "1"]

1. d4 d5 2. Bf4 Nf6 3. Nc3 c6 4. e3 e6 5. Nf3 Bd6 6. Bd3 Qc7 7. Qd2 b6 8. 0-0-0 Ba6 9. Bxa6 Nxa6 10. Rhe1 0-0 11. Ne5 Nd7 12. e4 b5 13. exd5 exd5 14. Bg3 Nb6 15. Ne2 Nc4 16. Nxc4 bxc4 17. Bxd6 Qxd6 18. Ng3 Rab8 19. Nf5 Qf6 20. Qf4 Kh8 21. Qe5 Qxe5 22. Rxe5 g6 23. Nd6 Rbd8 24. Nb7 Rd7 25. Na5 Rc8 26. b3 cxb3 27. cxb3 c5 28. Kb2 Nb4 29. a3 Nc6 30. Nxc6 Rxc6 31. dxc5 Rxc5 32. b4 Rb5 33. Kb3 f6 34. Re3 Rb8 35. Rde1 Kg8 36. Re7 Rbd8 37. Rxd7 Rxd7 38. Kc3 Rc7+ 39. Kd4 Rc2 40. Re7 Rxf2 41. Rxa7 Rd2+ 42. Kc3 Rxg2 43. b5 d4+ 44. Kxd4 Rb2 45. Kc5 Rc2+ 46. Kd5 Rb2 47. a4 f5 48. Ke5 Rb4 49. Kf6 h6 50. Kxg6 Kf8 51. Kxf5 Ke8 52. Kg6 Kd8 53. Kxh6 Rh4+ 54. Kg6 Rxh2 55. b6 Kc8 56. a5 Rf2 57. Rc7+ Kb8 58. a6 Ra2 59. a7+ Ka8 60. Rc8+ Kb7 61. Rb8+ 1-0

[Event "Caldaro op 4th"]
[Site "Caldaro"]
[Date "2019.10.19"]
[Round "3"]
[White "Tonina, Filippo"]
[Black "Casadio, Niccolo"]
[Result "1/2-1/2"]
[WhiteElo "2031"]
[BlackElo "1944"]
[PlyCount "64"]
[EventDate "2019.10.18"]
[EventType "swiss"]
[EventRounds "5"]
[EventCountry "ITA"]
[SourceTitle "CBM 192 Extra"]
[Source "Chessbase"]
[SourceDate "2019.11.06"]
[SourceVersion "1"]
[SourceVersionDate "2019.11.06"]
[SourceQuality "1"]

1. e4 e6 2. Nc3 d5 3. Nf3 Nf6 4. e5 Nfd7 5. d4 c5 6. dxc5 Nc6 7. Bf4 Nxc5 8. Bd3 Bd7 9. 0-0 Be7 10. Qd2 Nxd3 11. cxd3 0-0 12. Ne2 Rc8 13. a3 Qb6 14. Ng3 Na5 15. Qe2 Nb3 16. Rad1 Rc7 17. Nd2 Rc2 18. Qg4 f5 19. exf6 Bxf6 20. Nh5 Nxd2 21. Nxf6+ Rxf6 22. Bxd2 Rxb2 23. Be3 Qd6 24. Qd4 Rb3 25. Qxa7 Qxa3 26. Qb8+ Qf8 27. Qe5 Rf5 28. Qc7 Qc8 29. Qd6 Qc6 30. Qb8+ Rf8 31. Qe5 Rf5 32. Qb8+ Rf8 1/2-1/2

[Event "Arco Christmas op 9th"]
[Site "Arco"]
[Date "2018.12.29"]
[Round "5"]
[White "Tonina, Filippo"]
[Black "Caruso, Augusto"]
[Result "0-1"]
[WhiteElo "2040"]
[BlackElo "2217"]
[PlyCount "104"]
[EventDate "2018.12.26"]
[EventType "swiss"]
[EventRounds "7"]
[EventCountry "ITA"]
[SourceTitle "CBM 188 Extra"]
[Source "ChessBase"]
[SourceDate "2019.02.26"]
[SourceVersion "1"]
[SourceVersionDate "2019.02.26"]
[SourceQuality "1"]

1. d4 e6 2. c4 f5 3. Nc3 Nf6 4. Nf3 Bb4 5. Bd2 a5 6. a3 Be7 7. e3 0-0 8. Bd3 b6 9. Qe2 d5 10. Ne5 Bd6 11. 0-0 Ba6 12. cxd5 Bxe5 13. dxe5 Nxd5 14. Bc4 c6 15. Rfd1 Qh4 16. Bxa6 Nxa6 17. Nxd5 cxd5 18. Bc3 Nc5 19. f3 Rfc8 20. Qb5 Qa4 21. Qxa4 Nxa4 22. Bd4 Rc2 23. b3 Nc3 24. Rd3 Ne2+ 25. Kf1 Nxd4 26. Rxd4 Rac8 27. e4 fxe4 28. fxe4 Rf8+ 29. Kg1 Rff2 30. exd5 Rxg2+ 31. Kh1 Rxh2+ 32. Kg1 Rcg2+ 33. Kf1 exd5 34. Rxd5 Rd2 35. Rxd2 Rxd2 36. Rc1 Rd3 37. e6 Kf8 38. Rc8+ Ke7 39. Rc7+ Kxe6 40. Rxg7 Rxb3 41. Rxh7 Kd5 42. Rh6 Kc5 43. Rh5+ Kc4 44. Rh4+ Kc3 45. a4 Rb4 46. Rh3+ Kb2 47. Rh6 Rxa4 48. Rxb6+ Rb4 49. Rc6 a4 50. Ke2 a3 51. Kd3 a2 52. Rc2+ Kb1 0-1

[Event "Caldaro op 3rd"]
[Site "Caldaro"]
[Date "2018.11.04"]
[Round "6"]
[White "Tonina, Filippo"]
[Black "Engl, Stefan"]
[Result "1/2-1/2"]
[WhiteElo "2038"]
[BlackElo "2038"]
[PlyCount "57"]
[EventDate "2018.11.01"]
[EventType "swiss"]
[EventRounds "6"]
[EventCountry "ITA"]
[SourceTitle "EXT 2021"]
[Source "ChessBase"]
[SourceDate "2020.10.23"]
[SourceVersion "1"]
[SourceVersionDate "2020.10.23"]
[SourceQuality "1"]

1. d4 e6 2. c4 f5 3. Nc3 Nf6 4. Bg5 Bb4 5. Qc2 c5 6. Nf3 cxd4 7. Nxd4 Nc6 8. e3 Qa5 9. Bxf6 gxf6 10. Be2 0-0 11. 0-0 Nxd4 12. exd4 a6 13. a3 Bd6 14. g3 Bb8 15. b4 Qc7 16. d5 b6 17. Qd3 Bb7 18. Bf3 Ra7 19. Rac1 Ba8 20. Ne2 Qd8 21. Nd4 Be5 22. Nb3 Bb2 23. Rcd1 Bxa3 24. dxe6 Bxb4 25. Qxf5 Bxf3 26. Qxf3 Qe7 27. Nd4 Kh8 28. Rfe1 Bxe1 29. Rxe1 1/2-1/2

[Event "Caldaro op 3rd"]
[Site "Caldaro"]
[Date "2018.11.03"]
[Round "4"]
[White "Tonina, Filippo"]
[Black "Seresin, Francesco"]
[Result "0-1"]
[WhiteElo "2038"]
[BlackElo "2271"]
[PlyCount "148"]
[EventDate "2018.11.01"]
[EventType "swiss"]
[EventRounds "6"]
[EventCountry "ITA"]
[SourceTitle "EXT 2021"]
[Source "ChessBase"]
[SourceDate "2020.10.23"]
[SourceVersion "1"]
[SourceVersionDate "2020.10.23"]
[SourceQuality "1"]

1. e4 c6 2. d4 d5 3. exd5 cxd5 4. Bd3 Nc6 5. c3 Qc7 6. Ne2 Bg4 7. f3 Bd7 8. Bf4 e5 9. dxe5 Nxe5 10. Bc2 Nf6 11. 0-0 Bd6 12. Nd4 0-0 13. Bg5 Ng6 14. f4 Bxf4 15. Bxf4 Nxf4 16. Qf3 Ng6 17. Nd2 Rae8 18. Rae1 Qb6 19. Qd3 Ng4 20. Qg3 N4e5 21. h4 h5 22. Qg5 f6 23. Qg3 Ne7 24. Kh1 g6 25. Nf5 Bxf5 26. Bxf5 Nxf5 27. Rxf5 Ng4 28. Rxd5 Qxb2 29. Nf3 Qxc3 30. Red1 Rf7 31. R5d3 Qc7 32. Qxc7 Rxc7 33. Kg1 Ne5 34. Nxe5 Rxe5 35. Rd7 Re7 36. R7d2 Kf7 37. g3 Rc3 38. Kh2 Rce3 39. Kg2 Re2+ 40. Kf3 Rxd2 41. Rxd2 b6 42. Rd6 Rc7 43. Rd2 Rc3+ 44. Kf4 Rc4+ 45. Kf3 Ra4 46. Re2 g5 47. hxg5 fxg5 48. Rb2 Kf6 49. Rd2 Ke5 50. Re2+ Kf5 51. Rd2 Ra3+ 52. Kg2 h4 53. gxh4 gxh4 54. Re2 Kf4 55. Rf2+ Ke4 56. Re2+ Kd4 57. Rc2 h3+ 58. Kh2 b5 59. Rf2 Kc5 60. Rf5+ Kb4 61. Rf4+ Ka5 62. Rf2 Ka4 63. Rf4+ b4 64. Rf2 a5 65. Re2 Rc3 66. Rf2 Ka3 67. Re2 a4 68. Rf2 b3 69. axb3 axb3 70. Rf8 b2 71. Ra8+ Kb3 72. Rb8+ Kc2 73. Rd8 b1Q 74. Rd2+ Kb3 0-1

[Event "Caldaro op 3rd"]
[Site "Caldaro"]
[Date "2018.11.02"]
[Round "2"]
[White "Tonina, Filippo"]
[Black "De Nisi, Roberta"]
[Result "1-0"]
[WhiteElo "2038"]
[BlackElo "1797"]
[PlyCount "113"]
[EventDate "2018.11.01"]
[EventType "swiss"]
[EventRounds "6"]
[EventCountry "ITA"]
[SourceTitle "EXT 2021"]
[Source "ChessBase"]
[SourceDate "2020.10.23"]
[SourceVersion "1"]
[SourceVersionDate "2020.10.23"]
[SourceQuality "1"]

1. e4 e6 2. d3 d5 3. Nd2 c5 4. Ngf3 Nc6 5. g3 Bd6 6. Bg2 Nge7 7. 0-0 0-0 8. Nh4 f5 9. f4 c4 10. exd5 Bc5+ 11. Kh1 exd5 12. dxc4 dxc4 13. Nxc4 Be6 14. Qe2 Nd4 15. Qd3 Bd5 16. Ne5 Bxg2+ 17. Nxg2 Qd5 18. c3 Ne6 19. Qxd5 Nxd5 20. Nd7 Rfd8 21. Nxc5 Nxc5 22. Ne3 Nxe3 23. Bxe3 Ne4 24. Rad1 b6 25. Bd4 Kf7 26. Kg2 g6 27. Kf3 Ke6 28. g4 Rd7 29. Rg1 Rad8 30. gxf5+ gxf5 31. Rg2 Rf8 32. Rdg1 Rff7 33. Ke3 Kd5 34. Rg7 b5 35. b3 Ke6 36. Rxf7 Rxf7 37. Rg7 Rxg7 38. Bxg7 Kd5 39. Bd4 a6 40. Kd3 Nd6 41. Be5 Ne4 42. Bd4 Nd6 43. a3 Ne4 44. c4+ bxc4+ 45. bxc4+ Kc6 46. Bc3 Nc5+ 47. Kd4 Ne4 48. Bb4 Nd6 49. Bxd6 Kxd6 50. c5+ Kc6 51. Kc4 a5 52. a4 h6 53. h3 h5 54. h4 Kc7 55. Kb5 Kb7 56. Kxa5 Kc6 57. Kb4 1-0

[Event "Arco op-A 39th"]
[Site "Arco"]
[Date "2017.10.07"]
[Round "1"]
[White "Tonina, Filippo"]
[Black "Bilku, Andras"]
[Result "1-0"]
[WhiteElo "2021"]
[BlackElo "1600"]
[PlyCount "95"]
[EventDate "2017.10.07"]
[EventType "swiss"]
[EventRounds "9"]
[EventCountry "ITA"]
[SourceTitle "CBM 181 Extra"]
[Source "ChessBase"]
[SourceDate "2017.12.12"]
[SourceVersion "1"]
[SourceVersionDate "2017.12.12"]
[SourceQuality "1"]

1. c4 c5 2. g3 g6 3. Bg2 Bg7 4. Nc3 Nc6 5. d3 e5 6. e4 Nge7 7. Nge2 d6 8. 0-0 0-0 9. Be3 Nd4 10. Qd2 Bh3 11. Bh6 Bxg2 12. Kxg2 f5 13. Bxg7 Kxg7 14. f4 a6 15. Nxd4 cxd4 16. Ne2 fxe4 17. dxe4 Qc7 18. b3 Qc6 19. Qd3 Nf5 20. Rf3 Ne3+ 21. Kg1 Ng4 22. Re1 Nf6 23. Nc1 Nd7 24. Qe2 Qb6 25. Nd3 Rae8 26. Ref1 Nc5 27. f5 Nd7 28. g4 Qd8 29. Rg3 g5 30. Kg2 b5 31. cxb5 axb5 32. Nb4 Qa8 33. Nd5 Qb7 34. Rd3 Nc5 35. Rdd1 d3 36. Qe3 h6 37. b4 Na4 38. Rf2 Rc8 39. Rxd3 Rc4 40. Kf3 Rfc8 41. h4 gxh4 42. Rh2 Rxe4 43. Qxe4 Rc4 44. f6+ Kf8 45. Qg6 e4+ 46. Ke3 Qa7+ 47. Kd2 exd3 48. Qxh6+ 1-0

[Event "Arco op 38th"]
[Site "Arco"]
[Date "2016.10.14"]
[Round "7"]
[White "Tonina, Filippo"]
[Black "Valenti, Giuseppe"]
[Result "1-0"]
[WhiteElo "1980"]
[BlackElo "2150"]
[PlyCount "23"]
[EventDate "2016.10.08"]
[EventType "swiss"]
[EventRounds "9"]
[EventCountry "ITA"]
[SourceTitle "EXT 2017"]
[Source "ChessBase"]
[SourceDate "2016.10.25"]
[SourceVersion "1"]
[SourceVersionDate "2016.10.25"]
[SourceQuality "1"]

1. e4 c5 2. Nc3 e6 3. g3 d6 4. Bg2 Nc6 5. d3 g6 6. Nge2 Bg7 7. Be3 Nd4 8. 0-0 Ne7 9. Qd2 0-0 10. Nd1 b6 11. c3 Nxe2+ 12. Qxe2 1-0

[Event "Arco op 38th"]
[Site "Arco"]
[Date "2016.10.11"]
[Round "4"]
[White "Astengo, Corrado"]
[Black "Tonina, Filippo"]
[Result "1/2-1/2"]
[WhiteElo "2126"]
[BlackElo "1980"]
[PlyCount "34"]
[EventDate "2016.10.08"]
[EventType "swiss"]
[EventRounds "9"]
[EventCountry "ITA"]
[SourceTitle "EXT 2017"]
[Source "ChessBase"]
[SourceDate "2016.10.25"]
[SourceVersion "1"]
[SourceVersionDate "2016.10.25"]
[SourceQuality "1"]

1. e4 d6 2. d4 Nf6 3. Nc3 g6 4. g3 Bg7 5. Bg2 0-0 6. Nge2 Na6 7. 0-0 c5 8. e5 Ne8 9. dxc5 Nxc5 10. Be3 Nd7 11. exd6 Nxd6 12. Bd4 Nf6 13. Nd5 Nxd5 14. Bxg7 Kxg7 15. Qxd5 Qc7 16. Qd4+ Kg8 17. Nc3 Be6 1/2-1/2

[Event "Arco op 38th"]
[Site "Arco"]
[Date "2016.10.09"]
[Round "2"]
[White "Groiss, Werner"]
[Black "Tonina, Filippo"]
[Result "0-1"]
[WhiteElo "1851"]
[BlackElo "1980"]
[PlyCount "54"]
[EventDate "2016.10.08"]
[EventType "swiss"]
[EventRounds "9"]
[EventCountry "ITA"]
[SourceTitle "EXT 2017"]
[Source "ChessBase"]
[SourceDate "2016.10.25"]
[SourceVersion "1"]
[SourceVersionDate "2016.10.25"]
[SourceQuality "1"]

1. c4 e5 2. Nc3 d6 3. g3 f5 4. Bg2 Nf6 5. e3 c6 6. d4 e4 7. Nge2 Be7 8. 0-0 0-0 9. b4 Na6 10. Ba3 Nc7 11. d5 Ng4 12. Qb3 Qe8 13. Rad1 Qh5 14. h3 Ne5 15. Nf4 Qh6 16. c5 Kh8 17. dxc6 bxc6 18. cxd6 Bxd6 19. b5 Bxa3 20. Qxa3 g5 21. Rd6 Nc4 22. Rxh6 Nxa3 23. Rxc6 gxf4 24. Rxc7 f3 25. Bh1 Rb8 26. Rxa7 Nxb5 27. Rc1 Nxa7 0-1